Подробности
| 000 -МАРКЕР |
| контрольное поле |
02326nam0a2200301 4500 |
| 001 - ИДЕНТИФИКАТОР ЗАПИСИ |
| контрольное поле |
RU\NLR\bibl\1098160 |
| 005 - ИДЕНТИФИКАТОР ВЕРСИИ |
| контрольное поле |
20260407100343.0 |
| 021 ## - НОМЕР ГОСУДАРСТВЕННОЙ РЕГИСТРАЦИИ |
| Код страны |
Российская Федерация |
| Номер |
2007-29875 |
| Номер Листа государственной регистраци |
1588 |
| 035 ## - ДРУГИЕ СИСТЕМНЫЕ НОМЕРА |
| Идентификатор записи |
(NLR Aleph) 001085266 |
| 100 ## - ДАННЫЕ ОБЩЕЙ ОБРАБОТКИ |
| Данные общей обработки |
20070614d2006 |||y0rusy50 ca |
| 101 0# - ЯЗЫК РЕСУРСА |
| Язык текста, звукозаписи и т.д. |
русский |
| 102 ## - СТРАНА ПУБЛИКАЦИИ ИЛИ ПРОИЗВОДСТВА |
| Страна публикации |
Российская Федерация |
| 105 ## - ПОЛЕ КОДИРОВАННЫХ ДАННЫХ: ТЕКСТОВЫЕ МАТЕРИАЛЫ, МОНОГРАФИЧЕСКИЕ |
| Кодированные данные о монографическом текстовом документе |
c ||||||||| |
| 200 1# - ЗАГЛАВИЕ И СВЕДЕНИЯ ОБ ОТВЕТСТВЕННОСТИ |
| Основное заглавие |
Социально-экономическое и политическое развитие Сибири в отражении региональной печати, 1907-1917 гг. |
| Сведения, относящиеся к заглавию |
(документальное пособие) |
| -- |
учебное пособие для студентов, обучающихся по специальности 350300 - Регионоведение, [021400 - Журналистика и рекламное дело, 350400 - Связи с общественностью, и других, изучающих дисциплины: "История Сибири", "История журналистики", "Теория и практика СМИ"] |
| Первые сведения об ответственности |
М-во сел. хоз-ва Рос. Федерации, Федер. гос. образоват. учреждение высш. проф. образования "Ом. гос. аграр. ун-т", НОУ Междунар. гуманит. ин-т им. Е.П. Романовой (г. Калининград) |
| Последующие сведения об ответственности |
[авт.-сост.: Н.М. Игнатенко и др.] |
| -- |
под общ. ред. С.В. Новикова, Г.А. Порхунова |
| 210 ## - ПУБЛИКАЦИЯ, РАСПРОСТРАНЕНИЕ И ДР. |
| Место издания, распространения и т.д. |
Омск |
| Имя издателя, распространителя и т. д. |
ФГОУ ВПО ОмГАУ |
| Дата издания, распространения и т.д. |
2006 |
| 215 ## - ФИЗИЧЕСКАЯ ХАРАКТЕРИСТИКА |
| Специфическое обозначение материала и объем |
231 с. |
| Другие сведения о физической характеристике |
портр. |
| Размеры |
21 |
| 320 ## - ПРИМЕЧАНИЯ О НАЛИЧИИ В ДОКУМЕНТЕ БИБЛИОГРАФИИ / УКАЗАТЕЛЯ |
| Текст примечания |
Библиогр. в подстроч. прим. |
| 607 ## - ГЕОГРАФИЧЕСКОЕ НАИМЕНОВАНИЕ КАК ПРЕДМЕТ |
| Географическое наименование |
Сибирь |
| Формальный подзаголовок |
Документы и материалы |
| Тематический подзаголовок |
История |
| Хронологический подзаголовок |
1907 - 1917 |
| Системный номер авторитетной/нормативной записи |
2479580 |
| Идентификатор авторитетной/нормативной записи |
RU\NLR\auth\661472071 |
| 686 ## - ИНДЕКСЫ ДРУГИХ КЛАССИФИКАЦИЙ |
| Индекс |
Т3(2Р5)52 |
| 702 #1 - ИМЯ ЛИЦА - ВТОРИЧНАЯ ОТВЕТСТВЕННОСТЬ |
| Начальный элемент ввода |
Игнатенко |
| Часть имени, кроме начального элемента ввода |
Н. М. |
| Расширение инициалов личного имени |
Наталья Михайловна |
| Код отношения |
Составитель |
| 702 #1 - ИМЯ ЛИЦА - ВТОРИЧНАЯ ОТВЕТСТВЕННОСТЬ |
| Код отношения |
Редактор |
| Графика поля |
Кириллица |
| Материалы, к которым относится поле |
rus |
| Начальный элемент ввода |
Новиков |
| Часть имени, кроме начального элемента ввода |
С. В. |
| Дополнения к именам, кроме дат |
д-р ист. наук |
| Даты |
1962- |
| Расширение инициалов личного имени |
Сергей Валентинович |
| Системный номер авторитетной/нормативной записи |
50955 |
| Идентификатор авторитетной/нормативной записи |
RU\NLR\auth\7768027 |
| 712 02 - НАИМЕНОВАНИЕ ОРГАНИЗАЦИИ - ВТОРИЧНАЯ ОТВЕТСТВЕННОСТЬ |
| Код отношения |
Прочие |
| Начальный элемент ввода |
Омский государственный аграрный университет им. П. А. Столыпина |
| Идентификатор авторитетной/нормативной записи |
RU\NLR\AUTH\889926534 |
| Системный номер авторитетной/нормативной записи |
348795 |
| 801 #0 - ИСТОЧНИК ЗАПИСИ |
| Страна |
Российская Федерация |
| Организация |
NLR |
| Дата составления |
20070614 |
| Правила каталогизации |
RCR |
| 801 #1 - ИСТОЧНИК ЗАПИСИ |
| Страна |
Российская Федерация |
| Организация |
NLR |
| Дата составления |
20070614 |
| 942 ## - ДОПОЛНИТЕЛЬНЫЕ ЭЛЕМЕНТЫ ЗАПИСИ (АБИС) |
| Тип экземпляра АБИС |
Книга |
| 980 ## - КОЛЛЕКЦИЯ |
| Название коллекции |
Национальная библиография |